000 00245nam a22000857a 4500
008 160702b xxu||||| |||| 00| 0 eng d
100 _91794
_a Srivastava, D.S
245 _aEducation: Assessment, Evaluation and Remedial
260 _aDelhi
_b Isha
_c2005
999 _c1498
_d1498